000 00320nam a22001457a 4500
008 230512b ||||| |||| 00| 0 eng d
020 _a9780393007695
041 _aeng
080 _a101
082 _a101FER
100 _a44
101 _aENCI
245 _aBEYOND THE PLEASURE PRINCIPLE
_cFREUD S
942 _2udc
_cBK
999 _c59695
_d59695